000 00290nam a22001337a 4500
020 _a978-0471124665
041 _aENG
100 _aRoberson.J.A
245 _aHydraulic Engineering
260 _aMumbai
_bJaico Pub House
_c1993
300 _a662
650 _aIDE
856 _uIDE ( 18 )
999 _c1498
_d1498